000 00371nam a2200133Ia 4500
008 220217s9999||||xx |||||||||||||| ||und||
020 _a8131702162
082 _a005.13 SUT
100 _aSutter, Herb
_98148
245 0 _aMore expectional C++
260 _aPearson education of asia
_bNew Delhi
_c2008
300 _aXIV, 279p.
_b299
650 _aPROGRAMMING LANGUAGE
999 _c182851
_d182851